Cost-benefit analysis in administration (Record no. 86470)

MARC details
000 -LEADER
fixed length control field 00460cam a2200181 4500
001 - CONTROL NUMBER
control field D7555
008 - FIXED-LENGTH DATA ELEMENTS--GENERAL INFORMATION
fixed length control field 090401t1972 xxu||||| |||| 00| 0 eng d
035 ## - SYSTEM CONTROL NUMBER
System control number (Sirsi) u7992
041 ## - LANGUAGE CODE
Language code of text/sound track or separate title eng
050 ## - LIBRARY OF CONGRESS CALL NUMBER
Classification number 339.41
100 ## - MAIN ENTRY--PERSONAL NAME
Personal name Newton, Trevor
245 ## - TITLE STATEMENT
Title Cost-benefit analysis in administration
260 ## - PUBLICATION, DISTRIBUTION, ETC.
Place of publication, distribution, etc. London
Name of publisher, distributor, etc. George Allen & Unwin for the Royal Insti
Date of publication, distribution, etc. 1972
300 ## - PHYSICAL DESCRIPTION
Extent 248p. bibliographies
350 ## - PRICE (NR) (BK AM CF MU VM SE) [OBSOLETE]
Price 4.15
942 ## - ADDED ENTRY ELEMENTS (KOHA)
Suppress in OPAC 0
948 ## - LOCAL PROCESSING INFORMATION (OCLC); SERIES PART DESIGNATOR (RLIN)
c (OCLC) 04/03/1997
Holdings
Withdrawn status Lost status Source of classification or shelving scheme Damaged status Not for loan Home library Current library Shelving location Date acquired Cost, normal purchase price Total Checkouts Full call number Barcode Date last seen Date last checked out Copy number Cost, replacement price Price effective from Koha item type
    Dewey Decimal Classification     London London Books 14/09/1999 4.15 1 339.41 30003378 06/08/2019 20/04/2005 1 4.15 06/08/2019 Book